| 000 | 00740nas a2200241 4500 | ||
|---|---|---|---|
| 001 | BR2015006258 | ||
| 003 | BR-BrBNA | ||
| 005 | 20231205125911.0 | ||
| 007 | ta | ||
| 008 | 230509b bl.|||p| |||| 00| 00por d | ||
| 040 |
_aBR-BrBNA _bpor _cBiblioteca Nacional de Agricultura |
||
| 041 | _a(Pt) | ||
| 072 | _aF70 | ||
| 100 | 1 | _aQuinet, A. | |
| 245 | 1 | _aSinopse taxonômica da família Lauraceae no estado do Rio de Janeiro, Brasil | |
| 650 | _aTAXONOMIA VEGETAL | ||
| 650 | _aLAURACEAE | ||
| 650 | _aDICOTILEDONEA | ||
| 650 | _aRIO DE JANEIRO | ||
| 773 | 0 |
_tActa Botânica Brasílica (Brazil) _xISSN 0102-3306 _g(Jul-Sep 2005), v. 19(3) p. 563-572 _wBR2015006258 |
|
| 909 |
_a202311 _bLúcia _c55 _dLúcia Elande |
||
| 942 |
_2AGRIS _n0 _cANA |
||
| 999 |
_c246785 _d246785 |
||